000 01044cam a22003251 4500
001 20025
003 BD-RjUL
005 20211209000518.0
008 140226r19511936enk 000 1 eng d
035 _a(BD-RjUL) 20086
035 _a(OCoLC)4197597
040 _aDLC
_cMiAC
_dOCoLC
_dDLC
_dBD-RjUL
_beng
041 _aeng
082 0 0 _a823
_bMOE 1951
100 1 _aMoore, George,
_d1852-1933.
_961601
245 1 0 _aEsther Waters
_cby George Moore.
260 _aLondon :
_bJ.M. Dent & sons ltd.,
_cc1936 [Reprinted 1951]
300 _aviii, 363 p. ;
_c18 cm.
500 _a"First published in this edition 1936."
500 _a"List of the works of George Moore": p. viii.
650 0 _aUnmarried mothers
_vFiction.
_961603
650 0 _aMothers and sons
_vFiction.
_961604
650 0 _aWomen household employees
_vFiction.
_961605
651 0 _aEngland
_vFiction.
_961606
655 7 _aDomestic fiction.
_2lcsh
_961613
942 _2ddc
_cBK
999 _c20025
_d20025